[Event "105th British-ch 2018"]
[Site "Hull"]
[Date "2018.08.03"]
[Round "4"]
[White "Payne, Matthew J"]
[Black "Fitzsimons, David"]
[Result "1/2-1/2"]
[WhiteElo "2113"]
[BlackElo "2328"]
[Annotator "ChessBase"]
[PlyCount "107"]
[EventDate "2018.07.28"]
[EventType "swiss"]
[EventCountry "GBR"]
[SourceTitle "playchess.com"]
[Source "ChessBase"]
[SourceQuality "1"]
[TimeControl "40/5400+30:1800+30"]

1. e4 {[%emt 0:00:00]} d6 {[%emt 0:00:00]} 2. Nc3 {[%emt 0:00:21]} Nf6 {[%emt 0:00:07]} 3. d4 {[%emt 0:00:50]} g6 {[%emt 0:00:07]} 4. Be2 {[%emt 0:00:50]} Bg7 {[%emt 0:00:07]} 5. Be3 {[%emt 0:00:10]} c6 {[%emt 0:03:26]} 6. f4 {[%emt 0:01:57]} Qa5 {[%emt 0:00:49]} 7. Qd2 {[%emt 0:10:26]} b5 {[%emt 0:06:29]} 8. e5 {[%emt 0:05:12]} b4 {[%emt 0:00:15]} 9. exf6 {[%emt 0:01:51]} bxc3 {[%emt 0:00:08]} 10. fxg7 {[%emt 0:00:45]} cxd2+ {[%emt 0:00:26]} 11. Bxd2 {[%emt 0:00:04]} Qxd2+ {[%emt 0:00:29]} 12. Kxd2 {[%emt 0:00:04]} Rg8 {[%emt 0:00:08]} 13. Bf3 {[%emt 0:04:27]} Be6 {[%emt 0:22:37]} 14. b3 {[%emt 0:10:35]} Kd7 {[%emt 0:05:13]} 15. c4 {[%emt 0:04:47]} d5 {[%emt 0:00:27]} 16. cxd5 {[%emt 0:04:42]} cxd5 {[%emt 0:00:26]} 17. Rc1 {[%emt 0:01:55]} Nc6 {[%emt 0:01:23]} 18. Ne2 {[%emt 0:02:00]} Kd6 {[%emt 0:03:34]} 19. Ke3 {[%emt 0:05:16]} Bd7 {[%emt 0:02:16]} 20. Bxd5 {[%emt 0:07:25]} Kxd5 {[%emt 0:10:14]} 21. Nc3+ {[%emt 0:00:07]} Ke6 {[%emt 0:00:31]} 22. d5+ {[%emt 0:00:07]} Kf5 {[%emt 0:00:17]} 23. dxc6 {[%emt 0:01:00]} Bxc6 {[%emt 0:00:02]} 24. Ne4 {[%emt 0:00:50]} Bxe4 {[%emt 0:03:29]} 25. Rc5+ {[%emt 0:00:35]} Kf6 {[%emt 0:00:06]} 26. Kxe4 {[%emt 0:00:05]} Kxg7 {[%emt 0:05:23]} 27. Rc7 {[%emt 0:04:13]} Rgd8 {[%emt 0:00:26]} 28. Ke3 {[%emt 0:01:28]} Kf6 {[%emt 0:02:39]} 29. Rhc1 {[%emt 0:01:14]} Rd6 {[%emt 0:00:10]} 30. R1c4 {[%emt 0:02:02]} Ra6 {[%emt 0:07:20]} 31. R4c6+ {[%emt 0:02:07]} Rxc6 {[%emt 0:00:07]} 32. Rxc6+ {[%emt 0:00:02]} Kf5 {[%emt 0:00:36]} 33. h3 {[%emt 0:05:10]} h5 {[%emt 0:00:05]} 34. g3 {[%emt 0:00:08]} e5 {[%emt 0:02:39]} 35. Kf3 {[%emt 0:04:57]} exf4 {[%emt 0:00:50]} 36. Rc5+ {[%emt 0:00:08]} Ke6 {[%emt 0:00:43]} 37. Kxf4 {[%emt 0:00:06]} a5 {[%emt 0:10:37]} 38. Rc4 {[%emt 0:03:18]} Rb8 {[%emt 0:01:29]} 39. Kg5 {[%emt 0:06:38]} Rb5+ {[%emt 0:02:36]} 40. Kh6 {[%emt 0:00:15]} Rf5 {[%emt 0:02:20]} 41. Re4+ {[%emt 0:38:37]} Kf6 {[%emt 0:33:48]} 42. a3 {[%emt 0:02:17]} Rf3 {[%emt 0:03:00]} 43. Rf4+ {[%emt 0:00:00]} Rxf4 {[%emt 0:00:00]} 44. gxf4 {[%emt 0:00:00]} Kf5 {[%emt 0:00:00]} 45. Kg7 {[%emt 0:00:00]} Kxf4 {[%emt 0:00:00]} 46. Kf6 {[%emt 0:00:00]} h4 {[%emt 0:00:00]} 47. b4 {[%emt 0:00:00]} axb4 {[%emt 0:00:00]} 48. axb4 {[%emt 0:00:00]} Ke4 {[%emt 0:00:00]} 49. Kg5 {[%emt 0:00:00]} f5 {[%emt 0:00:00]} 50. b5 {[%emt 0:00:00]} Kd5 {[%emt 0:00:00]} 51. Kxh4 {[%emt 0:00:00]} f4 {[%emt 0:00:00]} 52. b6 {[%emt 0:00:00]} Kc6 {[%emt 0:00:00]} 53. Kg4 {[%emt 0:00:00]} g5 {[%emt 0:00:00]} 54. h4 {[%emt 0:00:00]} 1/2-1/2

[Event "105th British-ch 2018"]
[Site "Hull"]
[Date "2018.08.03"]
[Round "4"]
[White "Jarmany, John"]
[Black "Jackson, Sheila"]
[Result "1/2-1/2"]
[WhiteElo "2110"]
[BlackElo "2072"]
[Annotator "ChessBase"]
[PlyCount "48"]
[EventDate "2018.07.28"]
[EventType "swiss"]
[EventCountry "GBR"]
[SourceTitle "playchess.com"]
[Source "ChessBase"]
[SourceQuality "1"]
[TimeControl "40/5400+30:1800+30"]

1. d4 {[%emt 0:01:19]} Nf6 {[%emt 0:00:00]} 2. c4 {[%emt 0:00:10]} e6 {[%emt 0:00:00]} 3. Nc3 {[%emt 0:00:09]} Bb4 {[%emt 0:00:00]} 4. Qc2 {[%emt 0:00:12]} O-O {[%emt 0:00:21]} 5. Nf3 {[%emt 0:00:13]} c5 {[%emt 0:01:17]} 6. dxc5 {[%emt 0:00:16]} Na6 {[%emt 0:00:09]} 7. g3 {[%emt 0:00:30]} Nxc5 {[%emt 0:00:05]} 8. Bg2 {[%emt 0:00:10]} Nce4 {[%emt 0:00:21]} 9. O-O {[%emt 0:00:31]} Bxc3 {[%emt 0:00:28]} 10. bxc3 {[%emt 0:00:11]} Qc7 {[%emt 0:00:19]} 11. Nd4 {[%emt 0:02:45]} d5 {[%emt 0:00:29]} 12. cxd5 {[%emt 0:02:12]} exd5 {[%emt 0:00:05]} 13. Bf4 {[%emt 0:02:05]} Qxc3 {[%emt 0:02:24]} 14. Qxc3 {[%emt 0:04:54]} Nxc3 {[%emt 0:00:02]} 15. Rfc1 {[%emt 0:00:14]} Na4 {[%emt 0:08:06]} 16. Nb5 {[%emt 0:12:12]} Bg4 {[%emt 0:12:58]} 17. Bd6 {[%emt 0:07:11]} Bxe2 {[%emt 0:27:55]} 18. Bxf8 {[%emt 0:04:47]} Bxb5 {[%emt 0:02:58]} 19. Be7 {[%emt 0:01:31]} Ne4 {[%emt 0:00:42]} 20. Bxe4 {[%emt 0:01:38]} dxe4 {[%emt 0:00:04]} 21. Rab1 {[%emt 0:09:09]} Bc6 {[%emt 0:02:21]} 22. Bc5 {[%emt 0:02:44]} Nxc5 {[%emt 0:01:14]} 23. Rxc5 {[%emt 0:00:05]} Kf8 {[%emt 0:01:11]} 24. Rd1 {[%emt 0:01:08]} Re8 {[%emt 0:03:01]} 1/2-1/2

[Event "105th British-ch 2018"]
[Site "Hull"]
[Date "2018.08.03"]
[Round "4"]
[White "Maroroa, Sue"]
[Black "Webb, Laurence E"]
[Result "0-1"]
[WhiteElo "2104"]
[BlackElo "2306"]
[Annotator "ChessBase"]
[PlyCount "86"]
[EventDate "2018.07.28"]
[EventType "swiss"]
[EventCountry "GBR"]
[SourceTitle "playchess.com"]
[Source "ChessBase"]
[SourceQuality "1"]
[TimeControl "40/5400+30:1800+30"]

1. e4 {[%emt 0:00:00]} c6 {[%emt 0:00:00]} 2. d4 {[%emt 0:00:00]} d5 {[%emt 0:00:00]} 3. e5 {[%emt 0:00:00]} Bf5 {[%emt 0:00:00]} 4. h4 {[%emt 0:00:04]} h6 {[%emt 0:01:18]} 5. g4 {[%emt 0:00:09]} Bd7 {[%emt 0:00:39]} 6. h5 {[%emt 0:00:15]} c5 {[%emt 0:01:22]} 7. c3 {[%emt 0:04:24]} Nc6 {[%emt 0:01:57]} 8. Bg2 {[%emt 0:02:08]} e6 {[%emt 0:07:14]} 9. Ne2 {[%emt 0:03:46]} Qb6 {[%emt 0:02:14]} 10. f4 {[%emt 0:02:39]} f6 {[%emt 0:02:27]} 11. Qd3 {[%emt 0:05:23]} O-O-O {[%emt 0:03:06]} 12. O-O {[%emt 0:09:17]} cxd4 {[%emt 0:03:32]} 13. cxd4 {[%emt 0:01:04]} fxe5 {[%emt 0:00:29]} 14. fxe5 {[%emt 0:03:12]} Nxe5 {[%emt 0:02:34]} 15. Qc3+ {[%emt 0:01:28]} Nc6 {[%emt 0:03:35]} 16. Be3 {[%emt 0:10:30]} Nf6 {[%emt 0:03:39]} 17. Bf3 {[%emt 0:00:21]} Bd6 {[%emt 0:06:25]} 18. a4 {[%emt 0:06:50]} Kb8 {[%emt 0:07:08]} 19. Na3 {[%emt 0:08:25]} a6 {[%emt 0:04:00]} 20. b4 {[%emt 0:01:30]} Nxb4 {[%emt 0:04:12]} 21. Rfb1 {[%emt 0:11:50]} Rc8 {[%emt 0:03:30]} 22. Qd2 {[%emt 0:03:57]} a5 {[%emt 0:02:00]} 23. Nc3 {[%emt 0:01:36]} Rhf8 {[%emt 0:02:03]} 24. Be2 {[%emt 0:09:54]} e5 {[%emt 0:15:05]} 25. Nab5 {[%emt 0:04:51]} exd4 {[%emt 0:04:33]} 26. Nxd6 {[%emt 0:00:59]} dxe3 {[%emt 0:01:02]} 27. Nxc8 {[%emt 0:00:42]} Rxc8 {[%emt 0:01:42]} 28. Qe1 {[%emt 0:01:51]} Qd6 {[%emt 0:06:58]} 29. Nb5 {[%emt 0:02:27]} Bxb5 {[%emt 0:00:32]} 30. axb5 {[%emt 0:00:33]} b6 {[%emt 0:00:19]} 31. Ra4 {[%emt 0:01:15]} Nc2 {[%emt 0:04:00]} 32. Qh4 {[%emt 0:01:40]} Ne4 {[%emt 0:02:43]} 33. Bd3 {[%emt 0:01:40]} Nd2 {[%emt 0:00:44]} 34. Rf1 {[%emt 0:00:53]} Nxf1 {[%emt 0:00:58]} 35. Bxf1 {[%emt 0:00:10]} Nb4 {[%emt 0:00:24]} 36. Qh3 {[%emt 0:00:59]} d4 {[%emt 0:00:26]} 37. Ra1 {[%emt 0:00:49]} Qf4 {[%emt 0:01:20]} 38. Bg2 {[%emt 0:00:43]} e2 {[%emt 0:01:25]} 39. Qh4 {[%emt 0:00:35]} Rc1+ {[%emt 0:02:17]} 40. Rxc1 {[%emt 0:00:30]} Qxc1+ {[%emt 0:00:03]} 41. Kh2 {[%emt 0:30:27]} Qf4+ {[%emt 0:31:05]} 42. Kh1 {[%emt 0:00:00]} Qd6 {[%emt 0:00:00]} 43. Qf2 {[%emt 0:00:00]} Qe7 {[%emt 0:00:00]} 0-1

[Event "105th British-ch 2018"]
[Site "Hull"]
[Date "2018.08.03"]
[Round "4"]
[White "Krzyzanowski, Patryk"]
[Black "Jamroz, Krzysztof"]
[Result "1-0"]
[WhiteElo "2087"]
[BlackElo "2026"]
[Annotator "NA"]
[PlyCount "58"]
[EventDate "2018.07.28"]
[EventType "swiss"]
[EventCountry "GBR"]
[SourceTitle "playchess.com"]
[Source "ChessBase"]
[SourceQuality "1"]
[TimeControl "40/5400+30:1800+30"]

1. d4 {[%emt 0:00:00]} Nf6 {[%emt 0:00:00]} 2. c4 {[%emt 0:00:00]} c5 {[%emt 0:00:00]} 3. d5 {[%emt 0:00:00]} e6 {[%emt 0:00:00]} 4. Nc3 {[%emt 0:00:10]} exd5 {[%emt 0:00:00]} 5. cxd5 {[%emt 0:00:06]} d6 {[%emt 0:00:00]} 6. e4 {[%emt 0:00:14]} g6 {[%emt 0:00:01]} 7. Bb5+ {[%emt 0:00:44]} Nbd7 {[%emt 0:05:06]} 8. f4 {[%emt 0:08:54]} a6 {[%emt 0:01:23]} 9. Bxd7+ {[%emt 0:00:50]} Nxd7 {[%emt 0:00:27]} 10. Nf3 {[%emt 0:00:43]} Bg7 {[%emt 0:00:07]} 11. O-O {[%emt 0:00:26]} O-O {[%emt 0:00:20]} 12. f5 {[%emt 0:00:34]} Ne5 {[%emt 0:03:34]} 13. Bf4 {[%emt 0:14:56]} Qe7 {[%emt 0:14:50]} 14. Nxe5 {[%emt 0:10:50]} Bxe5 {[%emt 0:00:26]} 15. Bxe5 {[%emt 0:01:20]} Qxe5 {[%emt 0:00:06]} 16. f6 {[%emt 0:00:09]} h6 {[%emt 0:00:24]} 17. a4 {[%emt 0:03:46]} Bd7 {[%emt 0:00:30]} 18. a5 {[%emt 0:05:53]} c4 {[%emt 0:15:30]} 19. Qd2 {[%emt 0:04:27]} Kh7 {[%emt 0:02:12]} 20. Qe3 {[%emt 0:01:20]} Rab8 {[%emt 0:10:23]} 21. Qb6 {[%emt 0:00:44]} Rfc8 {[%emt 0:02:51]} 22. Rad1 {[%emt 0:05:01]} h5 {[%emt 0:03:49]} 23. Qa7 {[%emt 0:00:41]} g5 {[%emt 0:01:43]} 24. Kh1 {[%emt 0:00:58]} h4 {[%emt 0:11:02]} 25. Rd4 {[%emt 0:06:15]} h3 {[%emt 0:02:01]} 26. g3 {[%emt 0:06:34]} Kg6 {[%emt 0:05:47]} 27. Rd2 {[%emt 0:06:47]} Bg4 {[%emt 0:01:05]} 28. Qb6 {[%emt 0:01:56]} Rc5 {[%emt 0:01:33]} 29. Rdf2 {[%emt 0:07:33]} Bd7 {[%emt 0:06:23]} 1-0

[Event "105th British-ch 2018"]
[Site "Hull"]
[Date "2018.08.03"]
[Round "4"]
[White "Verma, Aditya"]
[Black "Iyengar, Ilya"]
[Result "0-1"]
[WhiteElo "2084"]
[BlackElo "2017"]
[Annotator "NA"]
[PlyCount "85"]
[EventDate "2018.07.28"]
[EventType "swiss"]
[EventCountry "GBR"]
[SourceTitle "playchess.com"]
[Source "ChessBase"]
[SourceQuality "1"]
[TimeControl "40/5400+30:1800+30"]

1. e4 {[%emt 0:00:00]} c5 {[%emt 0:00:00]} 2. Nf3 {[%emt 0:00:00]} e6 {[%emt 0:00:09]} 3. d4 {[%emt 0:00:00]} cxd4 {[%emt 0:00:08]} 4. Nxd4 {[%emt 0:00:00]} Nf6 {[%emt 0:00:07]} 5. Nc3 {[%emt 0:00:02]} d6 {[%emt 0:01:00]} 6. Be3 {[%emt 0:00:47]} a6 {[%emt 0:00:09]} 7. Be2 {[%emt 0:03:06]} Qc7 {[%emt 0:00:09]} 8. a4 {[%emt 0:00:58]} b6 {[%emt 0:01:16]} 9. f4 {[%emt 0:02:28]} Bb7 {[%emt 0:00:27]} 10. Bf3 {[%emt 0:00:47]} Be7 {[%emt 0:00:30]} 11. O-O {[%emt 0:00:32]} O-O {[%emt 0:00:21]} 12. g4 {[%emt 0:06:10]} Nc6 {[%emt 0:17:56]} 13. g5 {[%emt 0:02:21]} Nd7 {[%emt 0:00:43]} 14. Nb3 {[%emt 0:03:48]} Rfe8 {[%emt 0:33:07]} 15. Bg2 {[%emt 0:02:58]} Bf8 {[%emt 0:11:09]} 16. Rf3 {[%emt 0:02:16]} g6 {[%emt 0:09:00]} 17. h4 {[%emt 0:10:11]} Bg7 {[%emt 0:06:19]} 18. Rh3 {[%emt 0:03:37]} Na5 {[%emt 0:12:21]} 19. Nxa5 {[%emt 0:05:44]} bxa5 {[%emt 0:00:08]} 20. Bf2 {[%emt 0:03:02]} Nc5 {[%emt 0:00:54]} 21. h5 {[%emt 0:04:23]} Rad8 {[%emt 0:01:43]} 22. hxg6 {[%emt 0:04:18]} fxg6 {[%emt 0:00:22]} 23. Qg4 {[%emt 0:05:45]} Qf7 {[%emt 0:00:48]} 24. Re1 {[%emt 0:11:21]} Rf8 {[%emt 0:00:58]} 25. Qh4 {[%emt 0:03:00]} Bh8 {[%emt 0:00:55]} 26. e5 {[%emt 0:05:04]} Bxg2 {[%emt 0:00:15]} 27. Kxg2 {[%emt 0:00:18]} Qb7+ {[%emt 0:00:59]} 28. Kg1 {[%emt 0:00:46]} Rd7 {[%emt 0:01:00]} 29. exd6 {[%emt 0:01:27]} Qxb2 {[%emt 0:00:34]} 30. Ne4 {[%emt 0:14:55]} Nxe4 {[%emt 0:00:13]} 31. Rxe4 {[%emt 0:00:02]} Qxc2 {[%emt 0:00:42]} 32. Rxe6 {[%emt 0:00:34]} Qc1+ {[%emt 0:00:26]} 33. Re1 {[%emt 0:03:39]} Qxf4 {[%emt 0:00:09]} 34. Qxf4 {[%emt 0:00:22]} Rxf4 {[%emt 0:00:02]} 35. Rb3 {[%emt 0:00:54]} Bd4 {[%emt 0:00:56]} 36. Bxd4 {[%emt 0:01:26]} Rxd4 {[%emt 0:00:04]} 37. Rb8+ {[%emt 0:00:11]} Kf7 {[%emt 0:00:38]} 38. Rf1+ {[%emt 0:00:14]} Ke6 {[%emt 0:01:46]} 39. Rf6+ {[%emt 0:00:13]} Kd5 {[%emt 0:00:10]} 40. Rb6 {[%emt 0:00:42]} Rg4+ {[%emt 0:00:14]} 41. Kh2 {[%emt 0:30:18]} Rxg5 {[%emt 0:30:24]} 42. Rxa6 {[%emt 0:00:09]} Ke5 {[%emt 0:00:00]} 43. Rf8 {[%emt 0:00:00]} 0-1

[Event "105th British-ch 2018"]
[Site "Hull"]
[Date "2018.07.31"]
[Round "4"]
[White "Ratnesan, Ranesh"]
[Black "Thurlow, Kevin J"]
[Result "1-0"]
[WhiteElo "2073"]
[BlackElo "2030"]
[Annotator "NA"]
[PlyCount "85"]
[EventDate "2018.07.28"]
[EventType "swiss"]
[EventCountry "GBR"]
[SourceTitle "playchess.com"]
[Source "ChessBase"]
[SourceQuality "1"]
[TimeControl "40/5400+30:1800+30"]

1. d4 {[%emt 0:00:00]} Nf6 {[%emt 0:00:00]} 2. c4 {[%emt 0:00:00]} e6 {[%emt 0:00:00]} 3. Nc3 {[%emt 0:00:01]} d5 {[%emt 0:00:00]} 4. Nf3 {[%emt 0:00:21]} c5 {[%emt 0:00:11]} 5. cxd5 {[%emt 0:00:22]} exd5 {[%emt 0:00:07]} 6. g3 {[%emt 0:00:07]} Nc6 {[%emt 0:00:12]} 7. Bg2 {[%emt 0:00:07]} Be6 {[%emt 0:00:18]} 8. O-O {[%emt 0:00:15]} Be7 {[%emt 0:05:33]} 9. Bg5 {[%emt 0:01:01]} Ne4 {[%emt 0:02:18]} 10. Bxe7 {[%emt 0:16:51]} Qxe7 {[%emt 0:00:42]} 11. Qd3 {[%emt 0:01:04]} c4 {[%emt 0:07:55]} 12. Qe3 {[%emt 0:05:40]} f5 {[%emt 0:02:30]} 13. Ne5 {[%emt 0:13:43]} O-O {[%emt 0:04:54]} 14. f3 {[%emt 0:04:20]} Nxe5 {[%emt 0:01:43]} 15. Nxe4 {[%emt 0:05:56]} fxe4 {[%emt 0:09:37]} 16. dxe5 {[%emt 0:05:50]} exf3 {[%emt 0:04:32]} 17. exf3 {[%emt 0:00:17]} Qb4 {[%emt 0:06:18]} 18. Rf2 {[%emt 0:03:59]} Rfd8 {[%emt 0:04:26]} 19. Qd4 {[%emt 0:01:53]} Qa5 {[%emt 0:02:32]} 20. f4 {[%emt 0:01:20]} g6 {[%emt 0:00:52]} 21. h3 {[%emt 0:01:43]} Rd7 {[%emt 0:06:05]} 22. g4 {[%emt 0:00:59]} Rf8 {[%emt 0:00:38]} 23. Raf1 {[%emt 0:03:22]} Rdf7 {[%emt 0:01:13]} 24. a3 {[%emt 0:01:10]} a6 {[%emt 0:02:20]} 25. Rd2 {[%emt 0:03:37]} Qd8 {[%emt 0:13:38]} 26. Rdf2 {[%emt 0:08:57]} b5 {[%emt 0:01:16]} 27. Kh2 {[%emt 0:01:43]} Kg7 {[%emt 0:13:49]} 28. Kg3 {[%emt 0:03:02]} Qd7 {[%emt 0:05:59]} 29. Rd1 {[%emt 0:02:37]} Qd8 {[%emt 0:01:55]} 30. Bf1 {[%emt 0:04:04]} Kg8 {[%emt 0:00:47]} 31. Bg2 {[%emt 0:00:49]} Kg7 {[%emt 0:00:06]} 32. Qc5 {[%emt 0:04:07]} Rc7 {[%emt 0:02:50]} 33. Qb6 {[%emt 0:01:56]} Qd7 {[%emt 0:00:34]} 34. Qd4 {[%emt 0:01:21]} Qd8 {[%emt 0:00:11]} 35. f5 {[%emt 0:03:00]} gxf5 {[%emt 0:00:07]} 36. gxf5 {[%emt 0:00:11]} Qg5+ {[%emt 0:00:18]} 37. Qg4 {[%emt 0:00:17]} Rxf5 {[%emt 0:00:55]} 38. Rxf5 {[%emt 0:00:24]} Qxg4+ {[%emt 0:00:16]} 39. hxg4 {[%emt 0:00:08]} Bxf5 {[%emt 0:00:04]} 40. gxf5 {[%emt 0:00:08]} c3 {[%emt 0:00:34]} 41. bxc3 {[%emt 0:32:43]} Rxc3+ {[%emt 0:03:04]} 42. Kf4 {[%emt 0:00:00]} Rxa3 {[%emt 0:00:46]} 43. f6+ {[%emt 0:00:00]} 1-0

[Event "105th British-ch 2018"]
[Site "Hull"]
[Date "2018.08.03"]
[Round "4"]
[White "Pollack, Oscar"]
[Black "Waddington, Mike P"]
[Result "0-1"]
[WhiteElo "2064"]
[BlackElo "2110"]
[Annotator "ChessBase"]
[PlyCount "68"]
[EventDate "2018.07.28"]
[EventType "swiss"]
[EventCountry "GBR"]
[SourceTitle "playchess.com"]
[Source "ChessBase"]
[SourceQuality "1"]
[TimeControl "40/5400+30:1800+30"]

1. d4 {[%emt 0:00:00]} f5 {[%emt 0:00:00]} 2. Nc3 {[%emt 0:00:00]} Nf6 {[%emt 0:00:25]} 3. Bg5 {[%emt 0:00:00]} d5 {[%emt 0:00:39]} 4. Bxf6 {[%emt 0:00:29]} exf6 {[%emt 0:00:12]} 5. e3 {[%emt 0:00:30]} Be6 {[%emt 0:00:21]} 6. Qf3 {[%emt 0:00:55]} Qd7 {[%emt 0:01:04]} 7. Bd3 {[%emt 0:01:00]} Nc6 {[%emt 0:00:15]} 8. a3 {[%emt 0:00:36]} O-O-O {[%emt 0:00:28]} 9. Nge2 {[%emt 0:01:25]} g5 {[%emt 0:01:17]} 10. g3 {[%emt 0:08:55]} h5 {[%emt 0:17:54]} 11. h4 {[%emt 0:02:52]} g4 {[%emt 0:02:34]} 12. Qg2 {[%emt 0:00:07]} Bh6 {[%emt 0:00:09]} 13. b4 {[%emt 0:02:40]} Rhe8 {[%emt 0:03:26]} 14. O-O {[%emt 0:03:30]} Kb8 {[%emt 0:00:41]} 15. Rfb1 {[%emt 0:00:51]} f4 {[%emt 0:12:46]} 16. Nxf4 {[%emt 0:03:39]} Bxf4 {[%emt 0:00:19]} 17. gxf4 {[%emt 0:00:11]} Rg8 {[%emt 0:01:09]} 18. Kh2 {[%emt 0:02:43]} Bf5 {[%emt 0:00:59]} 19. Kg3 {[%emt 0:04:21]} Bxd3 {[%emt 0:00:51]} 20. cxd3 {[%emt 0:00:03]} Ne7 {[%emt 0:00:10]} 21. Qh1 {[%emt 0:03:57]} Nf5+ {[%emt 0:00:58]} 22. Kg2 {[%emt 0:00:14]} g3 {[%emt 0:00:36]} 23. Re1 {[%emt 0:05:57]} Rg4 {[%emt 0:02:57]} 24. fxg3 {[%emt 0:12:57]} Nxg3 {[%emt 0:02:44]} 25. Qh2 {[%emt 0:01:26]} Ne4+ {[%emt 0:01:07]} 26. Kf1 {[%emt 0:01:41]} Nxc3 {[%emt 0:00:43]} 27. Qc2 {[%emt 0:01:52]} Na4 {[%emt 0:03:41]} 28. b5 {[%emt 0:01:08]} Nb6 {[%emt 0:00:11]} 29. a4 {[%emt 0:00:56]} Rdg8 {[%emt 0:00:09]} 30. Qh2 {[%emt 0:02:59]} Qg7 {[%emt 0:02:18]} 31. Qh3 {[%emt 0:00:48]} Rg3 {[%emt 0:01:55]} 32. Qf5 {[%emt 0:02:41]} Rg1+ {[%emt 0:02:26]} 33. Ke2 {[%emt 0:00:07]} Qg2+ {[%emt 0:00:04]} 34. Kd1 {[%emt 0:00:19]} Rxe1+ {[%emt 0:02:13]} 0-1

[Event "105th British-ch 2018"]
[Site "Hull"]
[Date "2018.08.03"]
[Round "4"]
[White "Burke, Mitchell R"]
[Black "McMichael, Richard J"]
[Result "1/2-1/2"]
[WhiteElo "1988"]
[BlackElo "2245"]
[Annotator "ChessBase"]
[PlyCount "127"]
[EventDate "2018.07.28"]
[EventType "swiss"]
[EventCountry "GBR"]
[SourceTitle "playchess.com"]
[Source "ChessBase"]
[SourceQuality "1"]
[TimeControl "40/5400+30:1800+30"]

1. f4 {[%emt 0:00:53]} b6 {[%emt 0:01:58]} 2. e4 {[%emt 0:08:18]} Bb7 {[%emt 0:00:38]} 3. Nc3 {[%emt 0:00:10]} e6 {[%emt 0:00:07]} 4. Nf3 {[%emt 0:01:05]} Nf6 {[%emt 0:00:50]} 5. d3 {[%emt 0:14:04]} Be7 {[%emt 0:03:32]} 6. g3 {[%emt 0:07:37]} d5 {[%emt 0:06:58]} 7. e5 {[%emt 0:03:49]} Ng8 {[%emt 0:00:31]} 8. Bg2 {[%emt 0:05:23]} h5 {[%emt 0:01:47]} 9. Qe2 {[%emt 0:07:26]} Nh6 {[%emt 0:01:46]} 10. Bh3 {[%emt 0:06:49]} g6 {[%emt 0:01:29]} 11. O-O {[%emt 0:02:48]} Qd7 {[%emt 0:02:54]} 12. Ng5 {[%emt 0:03:32]} Nc6 {[%emt 0:01:20]} 13. Nd1 {[%emt 0:01:58]} Nd4 {[%emt 0:02:24]} 14. Qg2 {[%emt 0:03:46]} O-O-O {[%emt 0:02:46]} 15. c3 {[%emt 0:01:44]} Ndf5 {[%emt 0:01:15]} 16. Qe2 {[%emt 0:00:55]} c5 {[%emt 0:10:35]} 17. Bg2 {[%emt 0:02:22]} Kb8 {[%emt 0:05:11]} 18. Ne3 {[%emt 0:04:37]} d4 {[%emt 0:06:59]} 19. Nxf5 {[%emt 0:02:02]} gxf5 {[%emt 0:02:29]} 20. Bxb7 {[%emt 0:01:08]} Qxb7 {[%emt 0:00:15]} 21. c4 {[%emt 0:00:30]} h4 {[%emt 0:01:21]} 22. Qf3 {[%emt 0:01:23]} hxg3 {[%emt 0:01:17]} 23. Qxg3 {[%emt 0:02:37]} Bxg5 {[%emt 0:03:39]} 24. fxg5 {[%emt 0:00:10]} Ng4 {[%emt 0:01:30]} 25. h3 {[%emt 0:00:39]} Ne3 {[%emt 0:00:19]} 26. Bxe3 {[%emt 0:00:22]} dxe3 {[%emt 0:00:07]} 27. Qxe3 {[%emt 0:00:03]} Rh4 {[%emt 0:01:43]} 28. Rf3 {[%emt 0:02:54]} Rhd4 {[%emt 0:03:46]} 29. b3 {[%emt 0:02:14]} Qe7 {[%emt 0:01:27]} 30. Qd2 {[%emt 0:03:09]} Rg8 {[%emt 0:06:35]} 31. Kh2 {[%emt 0:01:02]} Rxg5 {[%emt 0:01:03]} 32. Rg1 {[%emt 0:00:13]} Rxg1 {[%emt 0:02:11]} 33. Kxg1 {[%emt 0:00:06]} Rd8 {[%emt 0:05:14]} 34. Rg3 {[%emt 0:04:17]} Qh4 {[%emt 0:01:22]} 35. Qf2 {[%emt 0:04:22]} f4 {[%emt 0:02:36]} 36. Rf3 {[%emt 0:00:22]} Qg5+ {[%emt 0:00:58]} 37. Kh1 {[%emt 0:01:26]} Qxe5 {[%emt 0:03:28]} 38. Qh4 {[%emt 0:01:16]} Rh8 {[%emt 0:00:42]} 39. Qxf4 {[%emt 0:00:38]} Rxh3+ {[%emt 0:00:10]} 40. Kg2 {[%emt 0:00:08]} Qxf4 {[%emt 0:00:43]} 41. Rxf4 {[%emt 0:30:06]} Rxd3 {[%emt 0:31:02]} 42. Rxf7 {[%emt 0:00:07]} Rd2+ {[%emt 0:00:23]} 43. Kf3 {[%emt 0:00:08]} Rxa2 {[%emt 0:00:18]} 44. Ke4 {[%emt 0:00:46]} Ra3 {[%emt 0:07:24]} 45. Ke5 {[%emt 0:00:11]} Rxb3 {[%emt 0:00:18]} 46. Kd6 {[%emt 0:00:13]} Rd3+ {[%emt 0:00:14]} 47. Kc6 {[%emt 0:00:09]} Rd8 {[%emt 0:00:19]} 48. Rb7+ {[%emt 0:00:20]} Ka8 {[%emt 0:00:13]} 49. Re7 {[%emt 0:00:08]} e5 {[%emt 0:06:52]} 50. Kb5 {[%emt 0:02:26]} Kb8 {[%emt 0:00:00]} 51. Ka6 {[%emt 0:00:00]} Kc8 {[%emt 0:00:00]} 52. Rxe5 {[%emt 0:00:00]} Rd7 {[%emt 0:00:00]} 53. Re8+ {[%emt 0:00:00]} Kc7 {[%emt 0:00:00]} 54. Kxa7 {[%emt 0:00:00]} Rd4 {[%emt 0:00:00]} 55. Re7+ {[%emt 0:00:00]} Kd6 {[%emt 0:00:00]} 56. Rh7 {[%emt 0:00:00]} Rxc4 {[%emt 0:00:00]} 57. Kxb6 {[%emt 0:00:00]} Rb4+ {[%emt 0:00:00]} 58. Ka5 {[%emt 0:00:00]} Kd5 {[%emt 0:00:00]} 59. Rh5+ {[%emt 0:00:00]} Kc4 {[%emt 0:00:00]} 60. Rh4+ {[%emt 0:00:00]} Kb3 {[%emt 0:00:00]} 61. Rh3+ {[%emt 0:00:00]} Kc4 {[%emt 0:00:00]} 62. Rh4+ {[%emt 0:00:00]} Kb3 {[%emt 0:00:00]} 63. Rh3+ {[%emt 0:00:00]} Kb2 {[%emt 0:00:00]} 64. Rh5 {[%emt 0:00:00]} 1/2-1/2

[Event "105th British-ch 2018"]
[Site "Hull"]
[Date "2018.08.01"]
[Round "5"]
[White "Howell, David Wl"]
[Black "Jones, Gawain Cb"]
[Result "1/2-1/2"]
[WhiteElo "2687"]
[BlackElo "2670"]
[Annotator "TA"]
[PlyCount "46"]
[EventDate "2018.07.28"]
[EventType "swiss"]
[EventCountry "GBR"]
[SourceTitle "playchess.com"]
[Source "ChessBase"]
[SourceQuality "1"]

{[%evp 18,46,56,41,153,144,160,102,95,52,48,54,75,0,23,23,13,12,19,25,20,18,32,-22,-24,-24,41,18,19,-5,-5]} 1. d4 Nf6 2. c4 g6 3. Nc3 Bg7 4. e4 O-O 5. Be2 d6 6. Be3 c5 7. d5 e6 8. Nf3 {E73: King's Indian: Averbakh Variation without 6...c5} exd5 9. cxd5 Re8 10. Nd2 {LiveBook: 6 Games. White is slightly better.} c4 $146 (10... Na6 $14) ({Predecessor:} 10... a6 11. a4 h5 12. h3 Nh7 13. Nc4 Ng5 14. Nxd6 Qxd6 15. Bxg5 Bxc3+ 16. bxc3 {1-0 (64) Riazantsev,A (2666)-Belyakov,B (2486) Sochi 2017}) 11. O-O Na6 12. Bf3 (12. a4 $142) 12... b6 $16 13. Re1 Nc5 $1 14. Bxc5 bxc5 15. e5 ({White should try} 15. Nb5 $16) 15... Rxe5 (15... Nd7 {seems wilder.} 16. exd6 Ne5 17. Be2 Rb8 18. Rb1 Bf5) 16. Rxe5 dxe5 17. Nxc4 e4 18. Nxe4 Nxe4 19. Bxe4 Ba6 20. Qa4 (20. Rc1 $14) 20... Bxc4 $1 $11 21. Qxc4 Qd6 (21... Bxb2 $11 22. Rb1 Bd4) 22. Rb1 $14 Re8 23. Bf3 Bxb2 {Precision: White = 29%, Black = 32%.} 1/2-1/2